00998nam a22002057a 4500001000700000003000900007005001700016007000700033008004700040040002200087245014500109260007000254300003100324500005300355505028000408700002400688700002400712700003000736700002600766000507DO-SdBNP20180125142722.0000507160916b 1983 ve ||||| |||| 00| 0 spa d aBPMSUbspacBPMSU10aDon Pedro Gual : bhomenaje en el bicentenario de su nacimiento (17 de enero de 1783--17 de enero de 1983) /cAbel Cruz Santos ... [et al.]. aCaracas : bEdiciones de la Presidencia de la República,c1983. a129 p. : bil. ; c18 cm.  aAño bicentenario del natalicio del libertador.0 tPedro Gual, estadista grancolombiano / rAbel Cruz Santos --tPedro Gual / rAlberto Miramón --tNecrología de don Pedro Gual / rJuan Vicente González. Notas de Josefa Gual Domínguez --tDatos definitivos sobre la fecha de nacimiento de Gual / rManuel Pérez Vila.1 aCruz Santos, Abel 1 aMiramón, Alberto 1 aGonzález, Juan Vicente 1 aPérez Vila, Manuel